Child rearing practices of Canal boat families: their psycho-social and cultural (Record no. 11521)

MARC details
000 -LEADER
fixed length control field 00322nam a2200121Ia 4500
082 ## - DEWEY DECIMAL CLASSIFICATION NUMBER
Classification number RL.0015
100 ## - MAIN ENTRY--AUTHOR NAME
Personal name Lidhoo, M.L.
245 #0 - TITLE STATEMENT
Title Child rearing practices of Canal boat families: their psycho-social and cultural
260 ## - PUBLICATION, DISTRIBUTION, ETC. (IMPRINT)
Year of publication 1985
300 ## - PHYSICAL DESCRIPTION
Number of Pages 67, 5p.
942 ## - ADDED ENTRY ELEMENTS (KOHA)
Koha item type Books
Holdings
Withdrawn status Lost status Damaged status Not for loan Home library Current library Date acquired Bill Date Full call number Accession Number Price effective from Koha item type
        NASSDOC Library NASSDOC Library 08/10/2004 2004-10-22 RL.0015 19976 18/04/2019 Books